000 00380 a2200109 4500
001 ART_25612
005 20260410161935.0
008 260409a
245 1 0 _aSobre el valor de la justicia en la economía
100 1 _aLicciardo, Cayetano Antonio
773 0 _tAnales de la Academia Nacional de Ciencias Económicas
_g- Vol. XXXII, (1987) (ene. 1988)
_wREV25596
999 _c28932
_d28932